Fr. Ignatii Hyacinthi Amat de Graveson Ord. FF. Praedicatorum sacrae Facultatis Parisiensis doctoris, et Collegii Casanatensis theologi, opera omnia

Detalles Bibliográficos
Autor principal: Amat de Graveson, Ignace Hyacinte, ca. 1670-1733
Formato: Libro
Lenguaje:Latin
Publicado: Venetiis : ex typographia Remondiniana, 1761.
Edición:Nunc primum diligenter collecta, in unum corpus redacta, et luculentissimis additionibus, perpetuisque adnotationibus illustrata
Materias:
Colección:Banco de datos
Acervo:Fondo Bibliográfico Antiguo de Libros eclesiásticos de la Universidad de Ciencias y Artes de Chiapas
Descripción Física:18 t. ; 4°
Tema general:Teología dogmática
Notas:Portada tipográfica con pleca y viñeta en grabado xilográfico. Texto a dos columnas. Cada tomo con portada y numeración propias. Año de los t. 16-18 publicados en 1761. Paginación: t. 16 VIII, 172 p.; t. 17 XX, 191 p.; t. 18 96 p. Incluyen cabeceras de título en grabado xilográfico. Incluyen capitulares en grabado xilográfico. Encuadernación en pergamino sobre cartón. Daños de humedad, polilla y en la encuadernación, cubiertas desprendidas y faltan partes de pergamino
LEADER 02662nam a22002410004500
035 |a 574 
041 0 |a lat 
100 1 |a Amat de Graveson, Ignace Hyacinte, ca. 1670-1733 
245 1 0 |a Fr. Ignatii Hyacinthi Amat de Graveson Ord. FF. Praedicatorum sacrae Facultatis Parisiensis doctoris, et Collegii Casanatensis theologi, opera omnia 
250 |a Nunc primum diligenter collecta, in unum corpus redacta, et luculentissimis additionibus, perpetuisque adnotationibus illustrata 
260 |a Venetiis : ex typographia Remondiniana, 1761. 
300 |a 18 t. ; 4° 
500 |a Portada tipográfica con pleca y viñeta en grabado xilográfico. Texto a dos columnas. Cada tomo con portada y numeración propias. Año de los t. 16-18 publicados en 1761. Paginación: t. 16 VIII, 172 p.; t. 17 XX, 191 p.; t. 18 96 p. Incluyen cabeceras de título en grabado xilográfico. Incluyen capitulares en grabado xilográfico. Encuadernación en pergamino sobre cartón. Daños de humedad, polilla y en la encuadernación, cubiertas desprendidas y faltan partes de pergamino 
501 |a 1 obra 
504 |a Al principio de cada tomo está Index epistolarum historico-theologico-polemicarum y carta al lector ( t. 16 y 17) 
504 |a Al final de cada tomo está Index materiarum (t.16 y 17) 
505 0 0 |a t. 16 Continens epistolarum theologico-historico-polemicarum ad amicum scriptarum, in quibus doctrina de gratia se ipsa efficaci, & de praedestinatione gratuita ad gloriam ante omnem praevisionem meritorum contra scholae thomisticae adversarios afferitur, ac vindicatur, classem secundam.-- t. 17 Continens epistolarum theologico-historico-polemicarum ad amicum scriptarum, in quibus doctrina de gratia se ipsa efficaci, & de praedestinatione gratuita ad gloriam ante omnem praevisionem meritorum contra scholae thomisticae adversarios afferitur, ac vindicatur, classem tertiam.-- t. 18 Continens triadem dissertationum, in quibus agitur de recto methodo addiscendi, & docendi theologiam scholasticam, positivam, & moralem, una cum oratione de usu, & abusu theologiae, variisque aliis, quas in laudem Baccalaureorum regularium licentiandorum in sacra Facultate Parisiensi habuit auctor noster, una cum epistola, qua sese vindicat a calumniis, quas trivoltini in Gallia critici perperam ei impegerunt  
600 1 4 |a Amat de Graveson, Ignace Hyacinte, ca. 1670-1733-Obras 
650 1 0 |a Teología dogmática 
949 |a UNICACH, Colección de Libros Eclesiásticos: t. 16 (680); t. 17 (680); t. 18 (680) 
942 |c CHIAECLE 
943 |g Fondo Bibliográfico Antiguo de Libros eclesiásticos de la Universidad de Ciencias y Artes de Chiapas 
999 |c 1101647  |d 1101647